Sports Quiz

Random Sports or Europe Quiz

FC Porto adversaries in European Cups Quiz Stats

 Plays Quiz not verified by Sporcle

Also try: 5-Letter NBA Teams
Challenge
Share
Tweet
Score 0/193 Timer 10:00
0 Plays Today
Year Club % Correct
2017-2018 (ECL)Beşiktaş JK
100%
2014-2015 (CL)FC Bayern Munich
97.5%
2015-2016 (CL+EL)Chelsea FC
96.9%
2009-2010 (CL)Chelsea FC
96.9%
2006-2007 (CL)Chelsea FC
96.9%
2004-2005 (CL+SC)Chelsea FC
96.9%
1999-2000 (CL)Bayern Münich FC
96.9%
1990-1991 (EC)FC Bayern München
96.9%
1986-1987 (EC)FC Bayern München
96.9%
2016-2017 (ECL)AS Roma
96.4%
2016-2017 (ECL)Juventus FC
96.2%
2011-2012 (CL+EL+SC)FC Barcelona
94.4%
1972-1973 (UC)FC Barcelona
94.4%
1999-2000 (CL)FC Barcelona
94.4%
1993-1994 (CL)FC Barcelona
94.4%
1985-1986 (EC)FC Barcelona
94.4%
2003-2004 (CL+SC)Real Madrid FC
93.8%
2001-2002 (CL)Real Madrid CF
93.8%
1977-1978 (CWC)Manchester United FC
93.8%
1979-1980 (EC)Real Madrid CF
93.8%
1999-2000 (CL)Real Madrid CF
93.8%
1997-1998 (EC)Real Madrid CF
93.8%
1987-1988 (EC+SC)Real Madrid CF
93.8%
2017-2018 (ECL)AS Monaco
93.3%
2017-2018 (ECL)Liverpool FC
93.3%
2015-2016 (CL+EL)Borussia Dortmund
92.5%
2003-2004 (CL+SC)Olympique Lyon
91.3%
1964-1965 (CWC)Olympique Lyon
91.3%
1996-1997 (CL)Manchester United FC
91.3%
2008-2009 (CL)Manchester United FC
90.7%
2003-2004 (CL+SC)Manchester United FC
90.7%
2001-2002 (CL)Juventus FC
90.7%
1983-1984 (CWC)Juventus FC
90.7%
2005-2006 (CL)FC Internazionale Milan
90.1%
2004-2005 (CL+SC)FC Internazionale Milan
90.1%
2003-2004 (CL+SC)AC Milan
90.1%
1979-1980 (EC)AC Milan
90.1%
1996-1997 (CL)AC Milan
90.1%
1993-1994 (CL)AC Milan
90.1%
1992-1993 (CL)AC Milan
90.1%
2012-2013 (CL)Paris Saint-Germain FC
89.4%
2004-2005 (CL+SC)Paris Saint-Germain FC
89.4%
2002-2003 (UC)Celtic FC Glasgow
89.4%
2001-2002 (CL)Celtic FC Glasgow
89.4%
2007-2008 (CL)Liverpool FC
88.8%
2000-2001 (CL+UC)Liverpool FC
88.8%
2009-2010 (CL)Arsenal FC
88.2%
2008-2009 (CL)Arsenal FC
88.2%
2007-2008 (CL)Olympique Marseille
88.2%
2006-2007 (CL)Arsenal FC
88.2%
2003-2004 (CL+SC)AS Monaco
88.2%
2003-2004 (CL+SC)Olympique Marseille
88.2%
2014-2015 (CL)FC Basel
87.6%
2013-2014 (CL+EL)Atlético Madrid
87.6%
2009-2010 (CL)Atlético Madrid
87.6%
2008-2009 (CL)Atlético Madrid
87.6%
2013-2014 (CL+EL)Sevilla FC
87%
2010-2011 (EL)Sevilla FC
87%
2017-2018 (ECL)RB Leipzig
86.7%
2011-2012 (CL+EL+SC)Manchester City
86.3%
2005-2006 (CL)Rangers FC
86.3%
1983-1984 (CWC)Rangers FC
86.3%
2015-2016 (CL+EL)Dynamo Kyiv
85.7%
2012-2013 (CL)Dynamo Kyiv
85.7%
2010-2011 (EL)SC Braga
85.7%
Year Club % Correct
2008-2009 (CL)Dynamo Kyiv
85.7%
1986-1987 (EC)Dynamo Kyiv
85.7%
2016-2017 (ECL)Leicester City FC
85.5%
2013-2014 (CL+EL)Zenit St Petersburg
84.5%
2011-2012 (CL+EL+SC)Zenit St Petersburg
84.5%
2012-2013 (CL)Valencia CF
84.5%
2004-2005 (CL+SC)Valencia FC
84.5%
1989-1990 (UC)Valencia CF
84.5%
2016-2017 (ECL)FC Copenhagen
83.1%
2001-2002 (CL)AC Sparta Prague
82.6%
1999-2000 (CL)AC Sparta Praha
82.6%
2014-2015 (CL)Shakhtar Donetsk
82%
2011-2012 (CL+EL+SC)Shakhtar Donetsk
82%
2010-2011 (EL)Beşiktaş JK
82%
2007-2008 (CL)Beşiktaş JK
82%
1981-1982 (CWC)AS Roma
82%
1983-1984 (CWC)Shakhtar Donetsk
80.7%
2013-2014 (CL+EL)SSC Napoli
79.5%
2002-2003 (UC)Panathinaikos FC
79.5%
2001-2002 (CL)Panathinaikos FC
79.5%
1974-1975 (UC)SSC Napoli
79.5%
1998-1999 (EC)AFC Ajax
79.5%
1995-1996 (CL)Panathinaikos FC
79.5%
1987-1988 (EC+SC)AFC Ajax
79.5%
1985-1986 (EC)AFC Ajax
79.5%
2014-2015 (CL)Athletic Bilbao
78.9%
2011-2012 (CL+EL+SC)APOEL
78.3%
2010-2011 (EL)CSKA Moscow
78.3%
2009-2010 (CL)APOEL
78.3%
2006-2007 (CL)CSKA Moscow
78.3%
2004-2005 (CL+SC)CSKA Moscow
78.3%
2002-2003 (UC)SS Lazio
78.3%
1999-2000 (CL)Olympiakos FK
76.4%
1998-1999 (EC)Olympiakos FC
76.4%
1997-1998 (EC)Olympiakos FC
76.4%
2013-2014 (CL+EL)Austria Vienna
75.2%
2007-2008 (CL)FC Schalke 04
75.2%
2003-2004 (CL+SC)RD Deportivo Coruña
75.2%
2002-2003 (UC)Austria Vienna
75.2%
1976-1977 (UC)FC Schalke 04
75.2%
1998-1999 (EC)Croatia Zagreb
75.2%
2014-2015 (CL)Lille OSC
74.5%
2010-2011 (EL)Spartak Moscow
74.5%
2000-2001 (CL+UC)RSC Anderlecht
74.5%
1977-1978 (CWC)RSC Anderlecht
74.5%
1993-1994 (CL)KSC Anderlecht
74.5%
1982-1983 (UC)RSC Anderlecht
74.5%
2012-2013 (CL)NK Dinamo Zagreb
73.3%
1962-1963 (FC)NK Dinamo Zagreb
73.3%
1983-1984 (CWC)NK Dinamo Zagreb
73.3%
2016-2017 (ECL)Clube Brugge KV
72.3%
2010-2011 (EL)Villarreal CF
72%
2008-2009 (CL)Fenerbahçe SK
70.8%
1992-1993 (CL)PSV Eindhoven
70.2%
1988-1989 (EC)PSV Eindhoven
70.2%
2014-2015 (CL)BATE Borisov
68.3%
2010-2011 (EL)Rapid Vienna
67.1%
2015-2016 (CL+EL)Maccabi Tel Aviv
66.5%
2001-2002 (CL)Rosenborg BK
64.6%
1997-1998 (EC)Rosenborg BK
64.6%
1996-1997 (CL)Rosenborg BK
64.6%
2012-2013 (CL)Málaga CF
59.6%
2003-2004 (CL+SC)FK Partizan
59.6%
2000-2001 (CL+UC)FK Partizan
59.6%
1972-1973 (UC)Club Brugge KV
59.6%
Year Club % Correct
2000-2001 (CL+UC)FC Nantes Atlantique
59%
1971-1972 (UC)FC Nantes
59%
1995-1996 (CL)FC Nantes
59%
2010-2011 (EL)KRC Genk
57.8%
2006-2007 (CL)Hamburger SV
57.8%
1975-1976 (UC)Hamburger SV
57.8%
1989-1990 (UC)Hamburger SV
57.8%
1991-1992 (CWC)Tottenham_Hotspur_FC
54.7%
2010-2011 (EL)CSKA Sofia
51.6%
1993-1994 (CL)SV Werder Bremen
50.9%
1993-1994 (CL)Feyenoord Rotterdam
49.7%
1959-1960 (EC)Athletic Bilbao
47.8%
1978-1979 (EC)AEK
47.2%
1981-1982 (CWC)Standard Liège
46%
2013-2014 (CL+EL)Eintracht Frankfurt
45.3%
2002-2003 (UC)RC Lens
45.3%
1994-1995 (CWC)UC Sampdoria
43.5%
2005-2006 (CL)FK Artmedia Bratislava
42.9%
1966-1967 (FC)FC Girondins Bordeaux
42.9%
1992-1993 (CL)IFK Göteborg
41.6%
2000-2001 (CL+UC)RCD Espanyol
39.8%
1996-1997 (CL)IFK Göteborg
39.8%
1986-1987 (EC)Brøndby IF
39.1%
1994-1995 (CWC)Ferencvárosi TC
38.5%
2001-2002 (CL)Grasshopper Club
37.9%
1980-1981 (UC)Grasshopper Club Zürich
37.9%
1999-2000 (CL)Hertha BSC
37.9%
1999-2000 (CL)Molde FK
36.6%
1983-1984 (CWC)Aberdeen FC
35.4%
1995-1996 (CL)Aalborg BK
30.4%
2002-2003 (UC)Polonia Warszawa
25.5%
2000-2001 (CL+UC)Wisła Kraków
25.5%
1969-1970 (FC)Newcastle United FC
25.5%
2001-2002 (CL)Barry Town FC
24.8%
1988-1989 (EC)HJK
23.6%
1986-1987 (EC)Rabat Ajax FC
23%
1992-1993 (CL)FC Sion
21.1%
2002-2003 (UC)Denizlispor
18.6%
1968-1969 (CWC)ŠK Slovan Bratislava
18%
1984-1985 (CWC)Wrexham FC
18%
1990-1991 (EC)FC Dinamo Bucureşti
17.4%
1968-1969 (CWC)Cardiff City
16.8%
1994-1995 (CWC)ŁKS Łódź
16.8%
1967-1968 (FC)Hibernian FC
14.3%
1991-1992 (CWC)Valletta FC
13.7%
1975-1976 (UC)Dundee United FC
13%
1977-1978 (CWC)1. FC Köln
12.4%
1992-1993 (CL)Union Luxembourg
11.2%
1980-1981 (UC)Dundalk FC
10.6%
1986-1987 (EC)FC Vítkovice
9.9%
1965-1966 (FC)Hannover 96
9.3%
1972-1973 (UC)Dynamo Dresden
9.3%
1990-1991 (EC)Portadown FC
7.5%
1982-1983 (UC)FC Utrecht
6.2%
1964-1965 (CWC)TSV 1860 Münich
5.6%
1975-1976 (UC)FC Avenir Beggen
5%
1993-1994 (CL)Floriana FC
4.3%
1987-1988 (EC+SC)FK Vardar Skopje
3.7%
1981-1982 (CWC)Vejle BK
3.1%
1965-1966 (FC)Stade Français
1.9%
1969-1970 (FC)Hvidovre IF
1.9%
1963-1964 (FC)Inter Bratislava
0.6%
1989-1990 (UC)CSM Flacăra Moreni
0.6%

You're not logged in!

Compare scores with friends on all Sporcle quizzes.
OR
Log In

You Might Also Like...

Show Comments

Extras

Top Quizzes Today


Score Distribution

Your Account Isn't Verified!

In order to create a playlist on Sporcle, you need to verify the email address you used during registration. Go to your Sporcle Settings to finish the process.

Report this User

Report this user for behavior that violates our Community Guidelines.

Details: